Statistiques concernant Trouvé les 12 membres de l’akatsuki en 2 minutes

Cliquez ici pour prendre le quiz!

Statistiques générales

  • Ce quiz a été pris 97 fois
  • Le résultat moyen est 10 sur 12

Statistiques - réponses

NombreNoms% Correct
4Itachi
99%
3Pain
95%
11Deidara
93%
5Kisame
93%
2Konan
89%
6Sasori
88%
10Hidan
86%
9Kakuzu
83%
7Orochimaru
83%
12Tobi
83%
8Zetsu
79%
1Nagato
78%

Distribution des résultats

Percentile par nombre de réponses

% des personnes avec chaque résultat

Votre développement - résultats

Vous n’avez pas pris ce quiz